UBT Library

The other candidates : (Record no. 44814)

000 -LEADER
fixed length control field 00659pam a2200241 a 4500
001 - CONTROL NUMBER
control field 444871
005 - DATE AND TIME OF LATEST TRANSACTION
control field 20180313044535.0
008 - FIXED-LENGTH DATA ELEMENTS--GENERAL INFORMATION
fixed length control field 821228s1983 nhua b 001 0 eng
010 ## - LIBRARY OF CONGRESS CONTROL NUMBER
LC control number 82040478
020 ## - INTERNATIONAL STANDARD BOOK NUMBER
International Standard Book Number 0874512565 :
Terms of availability $20.00
020 ## - INTERNATIONAL STANDARD BOOK NUMBER
International Standard Book Number 0874512573 (pbk.) :
Terms of availability $9.95
040 ## - CATALOGING SOURCE
Original cataloging agency DLC
Transcribing agency DLC
Modifying agency DLC
041 ## - LANGUAGE CODE
Language code of text/sound track or separate title eng
043 ## - GEOGRAPHIC AREA CODE
Geographic area code n-us---
080 ## - UNIVERSAL DECIMAL CLASSIFICATION NUMBER
Universal Decimal Classification number 324.9730
082 00 - DEWEY DECIMAL CLASSIFICATION NUMBER
Classification number 324.9730 SMA
Edition number 19
100 1# - Rafti
Rafti 14
101 ## - Shkurtesa
Shkurtesa SHP
245 14 - TITLE STATEMENT
Title The other candidates :
Statement of responsibility, etc Frank Smallwood.
504 ## - BIBLIOGRAPHY, ETC. NOTE
Bibliography, etc Bibliography: p. 305-310.
906 ## - LOCAL DATA ELEMENT F, LDF (RLIN)
a 7
b cbc
c orignew
d 1
e ocip
f 19
g y-gencatlg
942 ## - ADDED ENTRY ELEMENTS (KOHA)
Source of classification or shelving scheme
Item type Books
Holdings
Withdrawn status Lost status Source of classification or shelving scheme Damaged status Not for loan Collection code Permanent location Current location Shelving location Date acquired Total Checkouts Full call number Barcode Date last seen Price effective from Koha item type
          Koleksioni i përgjithshem UBT - Lipjan UBT - Lipjan Koleksioni i përgjithshem 03/13/2018   324.9730 SMA 002-3002170 03/13/2018 03/13/2018 Books
UBT Library © 2015-2024. All rights reserved University Education for Business and Technology